00468nam a2200181Ia 450000500170000000800410001702000160005804000190007404100120009308200160010510000160012124500340013726000270017130000100019850400360020865000320024485000100027620221207150626.0131103s9999 xx 000 0 und d a416 68520 x aLoreto College aEnglish a821.91bMUI aMuir, Edwin 3aAn Autobiography cEdwin Muir aLondon bMethuenc1968 a288p  aIncludes bibliography and index aMuir, Edwin - Autobiography aLCLIB